[Event "DEM U16 2017"]
[Site "Willingen GER"]
[Date "2017.06.07"]
[Round "6"]
[White "Schmidek, Emil"]
[Black "Buckels, Valentin"]
[Result "1/2-1/2"]
[Termination "normal"]
[Board "1"]
[WhiteTitle "FM"]
[BlackTitle "FM"]
[WhiteElo "2424"]
[BlackElo "2325"]
[WhiteClock "00:47:02"]
[BlackClock "00:48:27"]
[PlyCount "55"]
[WhiteFideId "12908150"]
[BlackFideId "12942766"]
[EventCountry "GER"]
[EventRounds "9"]
[EventType "swiss"]
[EventDate "2017.06.03"]

1. e4 {[%clk 1:30:57]} 1... e5 {[%clk 1:30:55]} 2. Nf3 {[%clk 1:31:22]} 2...
Nc6 {[%clk 1:31:21]} 3. Bb5 {[%clk 1:31:47]} 3... a6 {[%clk 1:31:48]} 4. Ba4 {
[%clk 1:32:13]} 4... Nf6 {[%clk 1:32:13]} 5. O-O {[%clk 1:32:39]} 5... Be7 {
[%clk 1:32:40]} 6. Re1 {[%clk 1:33:04]} 6... b5 {[%clk 1:33:06]} 7. Bb3 { [%clk
1:33:32]} 7... O-O {[%clk 1:33:31]} 8. d3 {[%clk 1:33:57]} 8... d6 { [%clk
1:33:47]} 9. c3 {[%clk 1:34:23]} 9... Na5 {[%clk 1:34:12]} 10. Bc2 { [%clk
1:34:49]} 10... c5 {[%clk 1:34:39]} 11. Nbd2 {[%clk 1:35:14]} 11... Nc6 { [%clk
1:35:05]} 12. Nf1 {[%clk 1:35:38]} 12... h6 {[%clk 1:34:57]} 13. h3 { [%clk
1:35:58]} 13... Re8 {[%clk 1:35:13]} 14. d4 {[%clk 1:35:15]} 14... cxd4 { [%clk
1:34:35]} 15. cxd4 {[%clk 1:35:39]} 15... exd4 {[%clk 1:34:24]} 16. Nxd4 {[%clk
1:35:58]} 16... Nxd4 {[%clk 1:34:47]} 17. Qxd4 {[%clk 1:36:18]} 17... Be6
{[%clk 1:33:54]} 18. Bd2 {[%clk 1:33:02]} 18... Rc8 {[%clk 1:22:15]} 19. Rac1
{[%clk 1:32:49]} 19... Nd7 {[%clk 1:17:30]} 20. Bb1 {[%clk 1:15:47]} 20... Qb6
{[%clk 1:13:50]} 21. Qxb6 {[%clk 1:10:18]} 21... Nxb6 {[%clk 1:14:15]} 22. b3
{[%clk 1:10:40]} 22... Kf8 {[%clk 0:53:41]} 23. Be3 {[%clk 1:06:45]} 23... Rxc1
{[%clk 0:50:49]} 24. Rxc1 {[%clk 1:07:02]} 24... Rc8 {[%clk 0:50:50]} 25. Rxc8+
{[%clk 1:04:40]} 25... Nxc8 {[%clk 0:51:09]} 26. Bd4 {[%clk 1:05:00]} 26... Bd8
{[%clk 0:51:15]} 27. Nd2 {[%clk 1:04:57]} 27... Ne7 {[%clk 0:48:27]} 28. Bd3
{[%clk 0:47:02]} 1/2-1/2

[Event "DEM U16 2017"]
[Site "Willingen GER"]
[Date "2017.06.07"]
[Round "6"]
[White "Rieß, Alexander"]
[Black "Fieberg, Samuel"]
[Result "1-0"]
[Termination "normal"]
[Board "2"]
[WhiteTitle "FM"]
[WhiteElo "2224"]
[BlackElo "2221"]
[WhiteClock "00:41:35"]
[BlackClock "00:12:55"]
[PlyCount "104"]
[WhiteFideId "12953326"]
[BlackFideId "12901717"]
[EventCountry "GER"]
[EventRounds "9"]
[EventType "swiss"]
[EventDate "2017.06.03"]

1. d4 {[%clk 1:30:38]} 1... d5 {[%clk 1:30:54]} 2. c4 {[%clk 1:30:45]} 2... c6
{[%clk 1:31:19]} 3. cxd5 {[%clk 1:30:02]} 3... cxd5 {[%clk 1:31:44]} 4. Bf4 {
[%clk 1:28:52]} 4... Nf6 {[%clk 1:31:41]} 5. Nc3 {[%clk 1:28:05]} 5... Nc6 {
[%clk 1:31:48]} 6. e3 {[%clk 1:27:19]} 6... e6 {[%clk 1:31:43]} 7. Bd3 { [%clk
1:26:34]} 7... Be7 {[%clk 1:30:48]} 8. h3 {[%clk 1:25:07]} 8... O-O { [%clk
1:29:44]} 9. Nf3 {[%clk 1:24:48]} 9... Bd7 {[%clk 1:27:19]} 10. O-O { [%clk
1:24:09]} 10... Nh5 {[%clk 1:27:41]} 11. Bh2 {[%clk 1:23:52]} 11... f5 { [%clk
1:28:03]} 12. g4 {[%clk 1:24:07]} 12... Nf6 {[%clk 1:25:38]} 13. Ne5 { [%clk
1:23:40]} 13... g6 {[%clk 1:24:54]} 14. gxf5 {[%clk 1:22:12]} 14... gxf5 {[%clk
1:24:27]} 15. Kh1 {[%clk 1:19:31]} 15... Kh8 {[%clk 1:17:53]} 16. Rc1 { [%clk
1:15:50]} 16... Ne4 {[%clk 1:02:04]} 17. Nxc6 {[%clk 0:55:55]} 17... Bxc6
{[%clk 1:01:03]} 18. Ne2 {[%clk 0:47:15]} 18... Bd6 {[%clk 0:59:45]} 19. Bxd6 {
[%clk 0:45:31]} 19... Nxd6 {[%clk 0:59:13]} 20. Nf4 {[%clk 0:43:40]} 20... Qf6
{[%clk 0:57:49]} 21. Rg1 {[%clk 0:39:19]} 21... Rg8 {[%clk 0:57:57]} 22. Qh5 {
[%clk 0:38:37]} 22... Rxg1+ {[%clk 0:57:47]} 23. Rxg1 {[%clk 0:38:04]} 23...
Rg8 {[%clk 0:58:03]} 24. Rxg8+ {[%clk 0:33:31]} 24... Kxg8 {[%clk 0:58:23]} 25.
Qf3 {[%clk 0:32:50]} 25... Bd7 {[%clk 0:55:28]} 26. Kh2 {[%clk 0:31:30]} 26...
Kf8 {[%clk 0:38:20]} 27. Qh5 {[%clk 0:30:03]} 27... Kg8 {[%clk 0:38:38]} 28.
Bc2 {[%clk 0:29:45]} 28... Be8 {[%clk 0:36:55]} 29. Qf3 {[%clk 0:28:04]} 29...
Kf8 {[%clk 0:31:54]} 30. Qg3 {[%clk 0:27:25]} 30... Qe7 {[%clk 0:19:47]} 31.
Nd3 {[%clk 0:23:58]} 31... Ne4 {[%clk 0:19:35]} 32. Qf4 {[%clk 0:23:39]} 32...
Ng5 {[%clk 0:14:59]} 33. Nc5 {[%clk 0:22:28]} 33... b6 {[%clk 0:12:45]} 34.
Qxg5 {[%clk 0:20:44]} 34... bxc5 {[%clk 0:12:34]} 35. Qxe7+ {[%clk 0:17:29]}
35... Kxe7 {[%clk 0:12:59]} 36. dxc5 {[%clk 0:17:51]} 36... Bb5 {[%clk 0:09:20]
} 37. Kg3 {[%clk 0:17:29]} 37... a5 {[%clk 0:05:12]} 38. b3 {[%clk 0:15:49]}
38... Kf6 {[%clk 0:04:45]} 39. f4 {[%clk 0:15:13]} 39... h6 {[%clk 0:02:44]}
40. Kf2 {[%clk 0:14:39]} 40... Ke7 {[%clk 0:03:07]} 41. a3 {[%clk 0:14:36]}
41... Kd7 {[%clk 0:01:36]} 42. b4 {[%clk 0:14:15]} 42... axb4 {[%clk 0:00:36]}
43. axb4 {[%clk 0:14:35]} 43... Kc6 {[%clk 0:01:00]} 44. Ke1 {[%clk 0:14:18]}
44... d4 {[%clk 0:29:39]} 45. Kd2 {[%clk 0:43:33]} 45... Kd5 {[%clk 0:29:55]}
46. Bd3 {[%clk 0:42:48]} 46... Be8 {[%clk 0:26:30]} 47. Ba6 {[%clk 0:42:27]}
47... dxe3+ {[%clk 0:17:49]} 48. Kxe3 {[%clk 0:42:49]} 48... e5 {[%clk 0:18:14]
} 49. Bb7+ {[%clk 0:42:06]} 49... Ke6 {[%clk 0:18:31]} 50. c6 {[%clk 0:41:42]}
50... exf4+ {[%clk 0:12:29]} 51. Kxf4 {[%clk 0:42:03]} 51... Kd6 { [%clk
0:12:55]} 52. Kxf5 {[%clk 0:41:35]} 52... Kd5 {Ke4+} 1-0

[Event "DEM U16 2017"]
[Site "Willingen GER"]
[Date "2017.06.07"]
[Round "6"]
[White "Kuznecovs, Nikita"]
[Black "Ewert, Hannes"]
[Result "0-1"]
[Termination "normal"]
[Board "3"]
[WhiteElo "2030"]
[BlackElo "2231"]
[WhiteClock "00:01:23"]
[BlackClock "00:01:14"]
[PlyCount "81"]
[WhiteFideId "11604557"]
[BlackFideId "12961574"]
[EventCountry "GER"]
[EventRounds "9"]
[EventType "swiss"]
[EventDate "2017.06.03"]

1. Nf3 {[%clk 1:30:55]} 1... c5 {[%clk 1:30:45]} 2. e3 {[%clk 1:31:01]} 2... g6
{[%clk 1:29:30]} 3. h4 {[%clk 1:29:45]} 3... h5 {[%clk 1:26:49]} 4. d4 { [%clk
1:23:12]} 4... Bg7 {[%clk 1:25:28]} 5. dxc5 {[%clk 1:20:28]} 5... Qa5+ { [%clk
1:24:00]} 6. c3 {[%clk 1:20:21]} 6... Qxc5 {[%clk 1:24:03]} 7. b4 { [%clk
1:20:43]} 7... Qc7 {[%clk 1:21:49]} 8. Bb2 {[%clk 1:18:03]} 8... Nc6 { [%clk
1:16:38]} 9. Qb3 {[%clk 1:15:38]} 9... Nf6 {[%clk 1:10:44]} 10. Ng5 { [%clk
1:02:55]} 10... O-O {[%clk 1:03:51]} 11. Nd2 {[%clk 1:02:53]} 11... b6 { [%clk
0:51:16]} 12. Be2 {[%clk 0:56:54]} 12... Bb7 {[%clk 0:50:23]} 13. f4 { [%clk
0:48:37]} 13... e6 {[%clk 0:37:30]} 14. O-O {[%clk 0:40:00]} 14... d5 { [%clk
0:36:24]} 15. Rac1 {[%clk 0:36:55]} 15... Rad8 {[%clk 0:28:48]} 16. Ndf3 {[%clk
0:31:07]} 16... Ng4 {[%clk 0:26:37]} 17. c4 {[%clk 0:25:45]} 17... dxc4 {[%clk
0:26:17]} 18. Rxc4 {[%clk 0:24:38]} 18... Bxb2 {[%clk 0:20:00]} 19. b5 { [%clk
0:24:59]} 19... Bg7 {[%clk 0:18:29]} 20. bxc6 {[%clk 0:14:38]} 20... Ba6 {[%clk
0:18:10]} 21. Rfc1 {[%clk 0:15:03]} 21... Bxc4 {[%clk 0:18:02]} 22. Bxc4 {[%clk
0:15:32]} 22... Rd6 {[%clk 0:07:52]} 23. Bxe6 {[%clk 0:15:33]} 23... Rxc6
{[%clk 0:04:55]} 24. Bxf7+ {[%clk 0:13:00]} 24... Kh8 {[%clk 0:05:14]} 25. Rd1
{[%clk 0:11:13]} 25... Rd6 {[%clk 0:03:32]} 26. Rxd6 {[%clk 0:04:48]} 26...
Qxd6 {[%clk 0:03:55]} 27. Bc4 {[%clk 0:05:17]} 27... Qc6 {[%clk 0:02:12]} 28.
Bf1 {[%clk 0:04:57]} 28... Qc3 {[%clk 0:02:05]} 29. Qe6 {[%clk 0:00:42]} 29...
Qxe3+ {[%clk 0:02:17]} 30. Qxe3 {[%clk 0:01:10]} 30... Nxe3 {[%clk 0:02:41]}
31. Bd3 {[%clk 0:01:20]} 31... Nf5 {[%clk 0:03:02]} 32. Bc4 {[%clk 0:01:33]}
32... Nd6 {[%clk 0:03:19]} 33. Bd3 {[%clk 0:02:02]} 33... Nf5 {[%clk 0:02:57]}
34. Bc4 {[%clk 0:02:31]} 34... Bd4+ {[%clk 0:03:01]} 35. Kh2 {[%clk 0:02:22]}
35... Bf6 {[%clk 0:03:18]} 36. Ne4 {[%clk 0:01:39]} 36... Bxh4 {[%clk 0:03:01]}
37. Ne5 {[%clk 0:02:09]} 37... Ne7 {[%clk 0:03:14]} 38. Nd6 {[%clk 0:01:34]}
38... Kg7 {[%clk 0:02:45]} 39. Bb5 {[%clk 0:01:11]} 39... Rxf4 {[%clk 0:02:20]}
40. g3 {[%clk 0:01:23]} 40... Rf2+ {[%clk 0:01:14]} 41. Kh3 0-1

[Event "DEM U16 2017"]
[Site "Willingen GER"]
[Date "2017.06.07"]
[Round "6"]
[White "Gungl, Theo"]
[Black "Martin, Julian"]
[Result "1-0"]
[Termination "normal"]
[Board "4"]
[WhiteTitle "FM"]
[BlackTitle "FM"]
[WhiteElo "2239"]
[BlackElo "2348"]
[WhiteClock "00:10:51"]
[BlackClock "00:13:27"]
[PlyCount "91"]
[WhiteFideId "24695653"]
[BlackFideId "12941000"]
[EventCountry "GER"]
[EventRounds "9"]
[EventType "swiss"]
[EventDate "2017.06.03"]

1. e4 {[%clk 1:30:58]} 1... c5 {[%clk 1:30:51]} 2. Nf3 {[%clk 1:31:24]} 2... d6
{[%clk 1:31:14]} 3. d4 {[%clk 1:31:49]} 3... cxd4 {[%clk 1:31:40]} 4. Nxd4 {
[%clk 1:32:16]} 4... Nf6 {[%clk 1:32:03]} 5. Nc3 {[%clk 1:32:42]} 5... a6 {
[%clk 1:32:29]} 6. Bg5 {[%clk 1:33:06]} 6... e6 {[%clk 1:32:54]} 7. f4 { [%clk
1:33:19]} 7... h6 {[%clk 1:33:20]} 8. Bh4 {[%clk 1:33:44]} 8... Qb6 { [%clk
1:33:46]} 9. a3 {[%clk 1:25:13]} 9... Nbd7 {[%clk 1:34:06]} 10. Bf2 { [%clk
1:25:10]} 10... Qc7 {[%clk 1:34:32]} 11. Qf3 {[%clk 1:21:17]} 11... b5 { [%clk
1:34:47]} 12. Bd3 {[%clk 1:08:15]} 12... Bb7 {[%clk 1:34:04]} 13. g4 { [%clk
1:04:17]} 13... Nc5 {[%clk 1:30:32]} 14. h4 {[%clk 0:53:32]} 14... d5 { [%clk
1:27:04]} 15. e5 {[%clk 0:53:42]} 15... Nfe4 {[%clk 1:26:58]} 16. Bxe4 { [%clk
0:53:15]} 16... Nxe4 {[%clk 1:23:33]} 17. Nxe4 {[%clk 0:53:26]} 17... dxe4
{[%clk 1:23:56]} 18. Qe3 {[%clk 0:53:48]} 18... Bc5 {[%clk 1:17:36]} 19. c3
{[%clk 0:29:54]} 19... Rc8 {[%clk 0:44:31]} 20. Rd1 {[%clk 0:27:57]} 20... Bd5
{[%clk 0:37:01]} 21. Bg3 {[%clk 0:22:22]} 21... Bc4 {[%clk 0:35:44]} 22. Rh2
{[%clk 0:15:48]} 22... Bd3 {[%clk 0:35:51]} 23. f5 {[%clk 0:15:32]} 23... Rd8
{[%clk 0:30:27]} 24. Rf2 {[%clk 0:08:02]} 24... Qa5 {[%clk 0:26:25]} 25. Rfd2
{[%clk 0:06:05]} 25... Qc7 {[%clk 0:22:46]} 26. Rf2 {[%clk 0:06:14]} 26... Qb6
{[%clk 0:15:14]} 27. fxe6 {[%clk 0:06:37]} 27... fxe6 {[%clk 0:15:07]} 28. Rc1
{[%clk 0:04:08]} 28... Ke7 {[%clk 0:06:41]} 29. h5 {[%clk 0:04:08]} 29... Rdf8
{[%clk 0:07:01]} 30. Bh4+ {[%clk 0:03:37]} 30... Kd7 {[%clk 0:07:18]} 31. b4
{[%clk 0:03:40]} 31... Bxd4 {[%clk 0:04:58]} 32. cxd4 {[%clk 0:03:37]} 32... a5
{[%clk 0:03:25]} 33. Rc5 {[%clk 0:03:03]} 33... axb4 {[%clk 0:03:09]} 34. axb4
{[%clk 0:03:23]} 34... Qb7 {[%clk 0:02:22]} 35. d5 {[%clk 0:03:06]} 35... exd5
{[%clk 0:02:45]} 36. g5 {[%clk 0:03:31]} 36... Rxf2 {[%clk 0:02:09]} 37. Qh3+
{[%clk 0:01:58]} 37... Ke7 {[%clk 0:02:32]} 38. gxh6+ {[%clk 0:02:12]} 38...
Kf7 {[%clk 0:01:58]} 39. Kxf2 {[%clk 0:02:16]} 39... Ra8 {[%clk 0:01:42]} 40.
h7 {[%clk 0:01:46]} 40... e3+ {[%clk 0:01:40]} 41. Qxe3 {[%clk 0:24:57]} 41...
Bxh7 {[%clk 0:25:48]} 42. e6+ {[%clk 0:24:39]} 42... Ke8 {[%clk 0:25:55]} 43.
Qe2 {[%clk 0:14:49]} 43... Bf5 {[%clk 0:18:51]} 44. Qe5 {[%clk 0:11:43]} 44...
d4 {[%clk 0:13:00]} 45. Qxf5 {[%clk 0:10:51]} 45... Ra2+ {[%clk 0:13:27]} 46.
Rc2 1-0

[Event "DEM U16 2017"]
[Site "Willingen GER"]
[Date "2017.06.07"]
[Round "6"]
[White "Engel, Luis"]
[Black "Muckle, Julius"]
[Result "1-0"]
[Termination "normal"]
[Board "5"]
[WhiteElo "2362"]
[BlackElo "2303"]
[WhiteClock "00:16:06"]
[BlackClock "00:02:51"]
[PlyCount "64"]
[WhiteFideId "12961523"]
[BlackFideId "12942430"]
[EventCountry "GER"]
[EventRounds "9"]
[EventType "swiss"]
[EventDate "2017.06.03"]

1. e4 {[%clk 1:30:58]} 1... e6 {[%clk 1:30:59]} 2. d4 {[%clk 1:31:21]} 2... d5
{[%clk 1:31:27]} 3. Bd3 {[%clk 1:31:44]} 3... c5 {[%clk 1:30:46]} 4. exd5 {
[%clk 1:32:07]} 4... exd5 {[%clk 1:30:50]} 5. Nf3 {[%clk 1:32:19]} 5... Nc6 {
[%clk 1:27:26]} 6. O-O {[%clk 1:32:26]} 6... Nf6 {[%clk 1:24:06]} 7. Re1+ {
[%clk 1:32:23]} 7... Be7 {[%clk 1:24:23]} 8. dxc5 {[%clk 1:32:43]} 8... O-O {
[%clk 1:24:21]} 9. Nbd2 {[%clk 1:32:51]} 9... Bxc5 {[%clk 1:17:58]} 10. h3 {
[%clk 1:32:47]} 10... Qb6 {[%clk 1:10:30]} 11. Re2 {[%clk 1:30:38]} 11... Nb4 {
[%clk 1:06:41]} 12. Nb3 {[%clk 1:30:08]} 12... Nxd3 {[%clk 1:07:00]} 13. Qxd3 {
[%clk 1:28:51]} 13... Bd7 {[%clk 1:06:04]} 14. Nfd4 {[%clk 1:18:56]} 14... Bxd4
{[%clk 1:00:48]} 15. Nxd4 {[%clk 1:16:17]} 15... Rfe8 {[%clk 1:00:01]} 16. c3 {
[%clk 1:13:30]} 16... Ne4 {[%clk 0:55:19]} 17. Be3 {[%clk 1:04:21]} 17... Qg6 {
[%clk 0:48:53]} 18. Kh2 {[%clk 1:02:36]} 18... Re5 {[%clk 0:43:06]} 19. Bf4 {
[%clk 0:47:22]} 19... Rh5 {[%clk 0:43:02]} 20. Qe3 {[%clk 0:42:17]} 20... h6 {
[%clk 0:36:54]} 21. f3 {[%clk 0:36:18]} 21... Ng5 {[%clk 0:08:55]} 22. Bxg5 {
[%clk 0:35:26]} 22... hxg5 {[%clk 0:08:58]} 23. Qe7 {[%clk 0:27:42]} 23... Bc6
{[%clk 0:08:32]} 24. Re3 {[%clk 0:20:41]} 24... Rh6 {[%clk 0:05:53]} 25. Rae1 {
[%clk 0:18:51]} 25... Qh5 {[%clk 0:03:16]} 26. Qc7 {[%clk 0:15:25]} 26... Rf6 {
[%clk 0:02:00]} 27. Nxc6 {[%clk 0:14:21]} 27... bxc6 {[%clk 0:02:25]} 28. Re8+
{[%clk 0:14:44]} 28... Rxe8 {[%clk 0:02:53]} 29. Rxe8+ {[%clk 0:15:06]} 29...
Kh7 {[%clk 0:03:20]} 30. Qc8 {[%clk 0:15:25]} 30... Rh6 {[%clk 0:02:41]} 31.
Rh8+ {[%clk 0:15:43]} 31... Kg6 {[%clk 0:02:55]} 32. Qxc6+ {[%clk 0:16:06]}
32... Kf5 {[%clk 0:02:51]} 1-0

[Event "DEM U16 2017"]
[Site "Willingen GER"]
[Date "2017.06.07"]
[Round "6"]
[White "Zienert, Richard"]
[Black "Roseneck, Jonas"]
[Result "1/2-1/2"]
[Termination "normal"]
[Board "6"]
[WhiteElo "2261"]
[BlackElo "2173"]
[WhiteClock "00:16:56"]
[BlackClock "00:03:10"]
[PlyCount "75"]
[WhiteFideId "12945986"]
[BlackFideId "12939870"]
[EventCountry "GER"]
[EventRounds "9"]
[EventType "swiss"]
[EventDate "2017.06.03"]

1. e4 {[%clk 1:30:58]} 1... c5 {[%clk 1:30:45]} 2. Nf3 {[%clk 1:31:23]} 2... d6
{[%clk 1:31:10]} 3. d4 {[%clk 1:31:49]} 3... cxd4 {[%clk 1:31:35]} 4. Nxd4 {
[%clk 1:32:15]} 4... Nf6 {[%clk 1:31:58]} 5. Nc3 {[%clk 1:32:41]} 5... Nc6 {
[%clk 1:32:24]} 6. Bg5 {[%clk 1:32:45]} 6... e6 {[%clk 1:32:45]} 7. Qd2 { [%clk
1:32:32]} 7... a6 {[%clk 1:33:10]} 8. O-O-O {[%clk 1:32:45]} 8... Bd7 { [%clk
1:33:37]} 9. f4 {[%clk 1:33:04]} 9... b5 {[%clk 1:34:03]} 10. Bxf6 { [%clk
1:33:11]} 10... gxf6 {[%clk 1:34:28]} 11. Nxc6 {[%clk 1:28:07]} 11... Bxc6
{[%clk 1:34:51]} 12. Bd3 {[%clk 1:25:03]} 12... Qb6 {[%clk 1:32:08]} 13. Kb1
{[%clk 1:25:08]} 13... O-O-O {[%clk 1:31:41]} 14. Rhf1 {[%clk 1:23:43]} 14...
Kb8 {[%clk 1:28:20]} 15. f5 {[%clk 1:23:38]} 15... Be7 {[%clk 1:27:16]} 16. Qh6
{[%clk 1:21:46]} 16... b4 {[%clk 0:56:47]} 17. Ne2 {[%clk 1:22:06]} 17... e5
{[%clk 0:57:10]} 18. c4 {[%clk 1:20:18]} 18... bxc3 {[%clk 0:51:17]} 19. Nxc3
{[%clk 1:20:39]} 19... d5 {[%clk 0:51:37]} 20. exd5 {[%clk 1:20:42]} 20... Bxd5
{[%clk 0:51:53]} 21. Nxd5 {[%clk 1:16:49]} 21... Rxd5 { [%clk 0:52:13]} 22. Bc4
{[%clk 1:16:55]} 22... Rd4 {[%clk 0:46:19]} 23. Bxf7 { [%clk 0:57:52]} 23...
Rhd8 {[%clk 0:29:05]} 24. Bb3 {[%clk 0:53:58]} 24... Rxd1+ {[%clk 0:28:13]} 25.
Rxd1 {[%clk 0:53:32]} 25... Rxd1+ {[%clk 0:26:01]} 26. Bxd1 {[%clk 0:53:58]}
26... Qd4 {[%clk 0:15:39]} 27. Qh5 {[%clk 0:54:23]} 27... Kc7 {[%clk 0:12:45]}
28. a3 {[%clk 0:51:08]} 28... e4 {[%clk 0:09:02]} 29. Qe2 {[%clk 0:45:38]}
29... Bd6 {[%clk 0:06:44]} 30. Qc2+ {[%clk 0:43:41]} 30... Kd8 {[%clk 0:05:10]}
31. g3 {[%clk 0:42:41]} 31... Be5 {[%clk 0:04:22]} 32. Be2 {[%clk 0:42:34]}
32... a5 {[%clk 0:03:47]} 33. Ka2 {[%clk 0:36:24]} 33... Ke7 {[%clk 0:03:35]}
34. Qb3 {[%clk 0:35:28]} 34... Kf8 {[%clk 0:03:10]} 35. Bh5 {[%clk 0:34:11]}
35... Kg7 {[%clk 0:03:32]} 36. h4 {[%clk 0:33:53]} 36... a4 {[%clk 0:02:49]}
37. Qb7+ 37... Kh6 {[%clk 0:03:10]} 38. Be2 { [%clk 0:16:56]} 1/2-1/2

[Event "DEM U16 2017"]
[Site "Willingen GER"]
[Date "2017.06.07"]
[Round "6"]
[White "Färber, David"]
[Black "Savchenko, Daniel"]
[Result "1-0"]
[Termination "normal"]
[Board "7"]
[WhiteElo "2229"]
[BlackElo "2037"]
[WhiteClock "00:02:40"]
[BlackClock "00:05:13"]
[PlyCount "85"]
[WhiteFideId "12971294"]
[BlackFideId "12919195"]
[EventCountry "GER"]
[EventRounds "9"]
[EventType "swiss"]
[EventDate "2017.06.03"]

1. e4 {[%clk 1:30:56]} 1... c5 {[%clk 1:30:51]} 2. Nf3 {[%clk 1:31:20]} 2... e6
{[%clk 1:31:13]} 3. d4 {[%clk 1:31:44]} 3... cxd4 {[%clk 1:31:37]} 4. Nxd4 {
[%clk 1:32:06]} 4... Nc6 {[%clk 1:32:00]} 5. Nc3 {[%clk 1:32:21]} 5... Qc7 {
[%clk 1:32:21]} 6. Qd3 {[%clk 1:32:42]} 6... a6 {[%clk 1:32:06]} 7. Nxc6 {
[%clk 1:31:47]} 7... bxc6 {[%clk 1:31:58]} 8. Qg3 {[%clk 1:31:10]} 8... Qxg3 {
[%clk 1:31:05]} 9. hxg3 {[%clk 1:31:38]} 9... d5 {[%clk 1:28:29]} 10. Be3 {
[%clk 1:25:39]} 10... Nf6 {[%clk 1:14:50]} 11. exd5 {[%clk 1:22:09]} 11... cxd5
{[%clk 1:15:02]} 12. Na4 {[%clk 1:20:48]} 12... Ng4 {[%clk 1:08:30]} 13. Bd2 {
[%clk 1:06:07]} 13... Rb8 {[%clk 1:04:35]} 14. f3 {[%clk 1:02:16]} 14... Ne5 {
[%clk 1:01:17]} 15. O-O-O {[%clk 0:58:51]} 15... Bd6 {[%clk 0:53:43]} 16. Bf4 {
[%clk 0:50:40]} 16... f6 {[%clk 0:50:27]} 17. Bd3 {[%clk 0:45:04]} 17... h6 {
[%clk 0:41:10]} 18. a3 {[%clk 0:38:38]} 18... g5 {[%clk 0:38:22]} 19. Bxe5 {
[%clk 0:33:16]} 19... Bxe5 {[%clk 0:38:23]} 20. g4 {[%clk 0:33:31]} 20... Kf7 {
[%clk 0:35:23]} 21. c3 {[%clk 0:27:38]} 21... Bd6 {[%clk 0:32:59]} 22. c4 {
[%clk 0:25:53]} 22... Bd7 {[%clk 0:28:06]} 23. Nc3 {[%clk 0:24:20]} 23... Bf4+
{[%clk 0:26:16]} 24. Kb1 {[%clk 0:24:04]} 24... d4 {[%clk 0:23:28]} 25. Ne4 {
[%clk 0:19:26]} 25... a5 {[%clk 0:20:05]} 26. Nc5 {[%clk 0:17:18]} 26... Bc6 {
[%clk 0:19:43]} 27. Be4 {[%clk 0:16:32]} 27... Bxe4+ {[%clk 0:17:53]} 28. Nxe4
{[%clk 0:17:00]} 28... f5 {[%clk 0:16:41]} 29. Nf2 {[%clk 0:16:03]} 29... Be3 {
[%clk 0:14:19]} 30. Nd3 {[%clk 0:16:02]} 30... Kf6 {[%clk 0:13:52]} 31. Kc2 {
[%clk 0:12:22]} 31... fxg4 {[%clk 0:11:22]} 32. fxg4 {[%clk 0:12:47]} 32...
Rbc8 {[%clk 0:06:18]} 33. Rdf1+ {[%clk 0:12:16]} 33... Ke7 {[%clk 0:06:39]} 34.
Ne5 {[%clk 0:12:02]} 34... Rh7 {[%clk 0:06:35]} 35. b3 {[%clk 0:10:06]} 35...
Bf4 {[%clk 0:06:06]} 36. Ng6+ {[%clk 0:08:57]} 36... Kd6 {[%clk 0:05:54]} 37.
Nxf4 {[%clk 0:09:20]} 37... gxf4 {[%clk 0:06:20]} 38. Rxf4 {[%clk 0:09:42]}
38... Ke5 {[%clk 0:05:52]} 39. g3 {[%clk 0:09:57]} 39... a4 {[%clk 0:05:30]}
40. Rh5+ {[%clk 0:09:46]} 40... Kd6 {[%clk 0:05:52]} 41. Rxd4+ {[%clk 0:10:04]}
41... Kc6 {[%clk 0:05:49]} 42. bxa4 {[%clk 0:07:27]} 42... Ra8 {[%clk 0:05:13]}
43. c5 {[%clk 0:02:40]} 1-0

[Event "DEM U16 2017"]
[Site "Willingen GER"]
[Date "2017.06.07"]
[Round "6"]
[White "Goldbeck, Lars"]
[Black "Stein, Robert"]
[Result "0-1"]
[Termination "normal"]
[Board "8"]
[WhiteElo "2197"]
[BlackElo "2169"]
[WhiteClock "00:33:34"]
[BlackClock "00:14:46"]
[PlyCount "56"]
[WhiteFideId "16208188"]
[BlackFideId "12921084"]
[EventCountry "GER"]
[EventRounds "9"]
[EventType "swiss"]
[EventDate "2017.06.03"]

1. d4 {[%clk 1:30:30]} 1... Nf6 {[%clk 1:30:49]} 2. c4 {[%clk 1:31:23]} 2... e6
{[%clk 1:31:12]} 3. Nc3 {[%clk 1:31:49]} 3... Bb4 {[%clk 1:31:31]} 4. f3 {
[%clk 1:32:14]} 4... d5 {[%clk 1:31:28]} 5. a3 {[%clk 1:32:38]} 5... Bxc3+ {
[%clk 1:31:39]} 6. bxc3 {[%clk 1:33:07]} 6... O-O {[%clk 1:31:58]} 7. e3 {
[%clk 1:33:14]} 7... Re8 {[%clk 1:19:17]} 8. cxd5 {[%clk 1:31:29]} 8... exd5 {
[%clk 1:19:38]} 9. Bd3 {[%clk 1:31:50]} 9... c5 {[%clk 1:12:24]} 10. Ne2 {
[%clk 1:32:08]} 10... b6 {[%clk 1:12:20]} 11. O-O {[%clk 1:31:55]} 11... Ba6 {
[%clk 1:12:36]} 12. Ng3 {[%clk 1:32:07]} 12... Bxd3 {[%clk 1:12:08]} 13. Qxd3 {
[%clk 1:32:35]} 13... Nc6 {[%clk 0:59:26]} 14. e4 {[%clk 1:24:01]} 14... cxd4 {
[%clk 0:49:38]} 15. Bg5 {[%clk 1:22:22]} 15... h6 {[%clk 0:45:43]} 16. Bxf6 {
[%clk 1:22:05]} 16... Qxf6 {[%clk 0:46:02]} 17. exd5 {[%clk 1:22:07]} 17... Ne7
{[%clk 0:45:42]} 18. c4 {[%clk 1:20:04]} 18... b5 {[%clk 0:27:58]} 19. Ne4 {
[%clk 1:14:50]} 19... Qe5 {[%clk 0:24:18]} 20. cxb5 {[%clk 0:54:37]} 20... Nxd5
{[%clk 0:23:17]} 21. Rfd1 {[%clk 0:51:35]} 21... Nf4 {[%clk 0:21:06]} 22. Qd2 {
[%clk 0:50:06]} 22... Rad8 {[%clk 0:19:59]} 23. Rac1 {[%clk 0:44:47]} 23... Rd5
{[%clk 0:15:56]} 24. a4 {[%clk 0:40:14]} 24... d3 {[%clk 0:14:14]} 25. Nc3 {
[%clk 0:33:03]} 25... Ne2+ {[%clk 0:13:33]} 26. Nxe2 {[%clk 0:33:26]} 26...
dxe2 {[%clk 0:13:59]} 27. Qxd5 {[%clk 0:33:30]} 27... Qe3+ {[%clk 0:14:24]} 28.
Kh1 {[%clk 0:33:34]} 28... e1=Q+ {[%clk 0:14:46]} 0-1